[Event "Ciencias Prueba"]
[Site "Ciencias"]
[Date "2019.??.??"]
[Round "5.4"]
[White "Bourgeois, Gustavo"]
[Black "Zito, Alberto"]
[Result "1/2-1/2"]
[WhiteElo "1741"]
[BlackElo "1609"]
[PlyCount "62"]
[EventDate "2019.05.30"]
[EventType "swiss"]
[EventRounds "9"]
[EventCountry "ARG"]
[SourceTitle "EXT 2024"]
[Source "ChessBase"]
[SourceDate "2023.10.10"]
[SourceVersion "1"]
[SourceVersionDate "2023.10.10"]
[SourceQuality "1"]

1. Nf3 d5 2. d4 Nf6 3. g3 e6 4. c4 Bb4+ 5. Bd2 Bxd2+ 6. Nbxd2 0-0 7. Bg2 c6 8. 0-0 Nbd7 9. Qc2 dxc4 10. Nxc4 Nb6 11. Nce5 Nfd7 12. Rfd1 f6 13. Nd3 Qe7 14. Nc5 g5 15. Nxd7 Bxd7 16. Qc5 Qf7 17. h4 gxh4 18. Nxh4 Nd5 19. e4 Ne7 20. Qd6 Ng6 21. Nxg6 hxg6 22. d5 e5 23. Qc7 Bg4 24. Qxf7+ Kxf7 25. f3 Bd7 26. dxc6 Bxc6 27. Rd2 Rad8 28. Rad1 Rxd2 29. Rxd2 Ke7 30. Kf2 Rd8 31. Rxd8 Kxd8 1/2-1/2